| 000 | 00371nam a22001457a 4500 | ||
|---|---|---|---|
| 003 | OSt | ||
| 005 | 20160310093357.0 | ||
| 008 | 160310b xxu||||| |||| 00| 0 eng d | ||
| 020 | _a0415951844 | ||
| 040 | _cN/A | ||
| 100 | _aCarl A Grant & Christine E Sleeter | ||
| 245 | _aDoing Multicultural Education for Achievement and Equity | ||
| 260 | _c2006 | ||
| 942 |
_2lcc _cBK |
||
| 999 |
_c252916 _d252915 |
||